| 000 | 00589nam a2200217Ia 4500 | ||
|---|---|---|---|
| 008 | 131103s9999 xx 000 0 und d | ||
| 020 | _a0 86125 609 3 | ||
| 040 | _aLoreto College | ||
| 041 | _aEnglish | ||
| 082 |
_a954/SAR _bLCBED/11936 |
||
| 100 | _aSarkar,Jadunath | ||
| 245 |
_aShivaji and his times _cJadunath Sarkar |
||
| 250 | _a5th ed. | ||
| 260 |
_aHyderabad _bOrient longman _c1992 |
||
| 300 |
_ax,332p _c 21 cm. |
||
| 504 | _aIncludes bibilographical references and index | ||
| 650 | _aHistory | ||
| 651 | _aIndia - history | ||
| 850 | _aLCBED/954/SAR | ||
| 942 | _cBK | ||
| 999 |
_c28781 _d79260 |
||